Alternative Measures of Import Shares:Theory and Estimates for the Soviet Union (Record no. 297)

MARC details
000 -LEADER
fixed length control field 00555nam a22002057i 4500
001 - CONTROL NUMBER
control field 301
003 - CONTROL NUMBER IDENTIFIER
control field OSt
005 - DATE AND TIME OF LATEST TRANSACTION
control field 20170126082241.0
007 - PHYSICAL DESCRIPTION FIXED FIELD--GENERAL INFORMATION
fixed length control field tu
008 - FIXED-LENGTH DATA ELEMENTS--GENERAL INFORMATION
fixed length control field 161220s1988 xxu||||| |||| 00| 0 d
024 7# - OTHER STANDARD IDENTIFIER
Standard number or code 300
Source of number or code RID
040 ## - CATALOGING SOURCE
Transcribing agency OSt
084 ## - OTHER CLASSIFICATION NUMBER
Classification number 11.71
Number source z
100 1# - MAIN ENTRY--PERSONAL NAME
Personal name Desai, Padma
245 00 - TITLE STATEMENT
Title Alternative Measures of Import Shares:Theory and Estimates for the Soviet Union
260 ## - PUBLICATION, DISTRIBUTION, ETC.
Place of publication, distribution, etc. New York :
Name of publisher, distributor, etc. Columbia University, Department of Economics,
Date of publication, distribution, etc. 1988.
300 ## - PHYSICAL DESCRIPTION
Extent 28 S. ;
Dimensions 30cm.
490 ## - SERIES STATEMENT
Series statement Discussion Paper Series
Volume/sequential designation 388
651 ## - SUBJECT ADDED ENTRY--GEOGRAPHIC NAME
Geographic name Soviet Union
942 ## - ADDED ENTRY ELEMENTS (KOHA)
Koha item type Book
Holdings
Withdrawn status Lost status Damaged status Not for loan Home library Current library Shelving location Date acquired Inventory number Total Checkouts Full call number Barcode Date last seen Price effective from Koha item type
        WIIW WIIW Souterrain 06/16/1992 301   II-4.983 300299 01/26/2017 01/26/2017 Book
The Vienna Instiute for International Economic Studies (wiiw)